000
00306nam a2200133Ia 4500
005
20251222143143.0
008
251222s9999||||xx |||||||||||||| ||spa||
020
_a
84-7432-906-X
082
_a
370.114/H28
100
_a
Haynes, Felicity
245
0
_a
Ética y Escuela:
264
_b
Gedisa
942
_c
LIB
999
_c
12385
_d
12385